00265nam a2200121Ia 4500008004100000100001400041245002400055260002000079300000800099650001400107942000700121999001500128190216s9999||||xx |||||||||||||| ||und|| aCox. P.A. 0aInorganic Chemistry bViva Bookc2003 a261 aChemistry cBK c3173d3173